Statistiques concernant Equipes d'Eyeshield 21

Cliquez ici pour prendre le quiz!

Statistiques générales

  • Ce quiz a été pris 24 fois
  • Le résultat moyen est 8 sur 19

Statistiques - réponses

Réponse% Correct
Deimon Devil Bats
100%
Ojo White Knights
82%
Taiyo Sphinx
82%
Seibu Wild Gunmans
76%
Kyoshin Poseidon
59%
Amino Cyborgs
53%
Bando Spiders
53%
Hakushu Dinosaurs
53%
NASA Aliens / Shuttles
53%
Shinryuji Nagas
41%
Yuhi Guts
35%
Dokubari Scorpions
29%
Koigahama Cupids
29%
Teikoku Alexanders
29%
Zokugaku Cameleons
29%
Hashiratani Deers
18%
Misaki Wolves
18%
Sengoku Samurai
6%
Sado Strong Golems
0%

Distribution des résultats

Percentile par nombre de réponses

% des personnes avec chaque résultat

Votre développement - résultats

Vous n’avez pas pris ce quiz